000 00704nam a2200289Ia 4500
005 20260324122703.0
008 008 260324s9999 xx 000 0 eng d
020 _a9780203143704
037 _aEBOOK
040 _aCRL
040 _beng
040 _cCRL
041 _2eng
041 _aeng
084 _qCRL
100 _aGeoff King; Claire Molloy; Yannis Tzioumakis
_91167412
245 0 _aAmerican Independent Cinema
245 0 _bindie, indiewood and beyond
260 _bTaylor and Francis
260 _c2012
365 _a
365 _b230
856 _uhttp://www.taylorfrancis.com/books/9780203143704
942 _cEBOOK
999 _c1760350
_d1760350